| 000 | 01051nam a22002537a 4500 | ||
|---|---|---|---|
| 001 | BD-DhSAU 7469 | ||
| 003 | BD-DhSAU | ||
| 005 | 20231016122347.0 | ||
| 008 | 150422b2006 bg ||||| m||m 00| 0 eng d | ||
| 040 | _aBD-DhSAU | ||
| 082 |
_222 _a635 _bB2391 |
||
| 100 |
_aBari. Benjir Hosen Jahan _eRegistration No. # 19-10359 |
||
| 245 |
_aClybio concentration on growth and yield of cabbage under different colored shade nets / _bMS thesis |
||
| 260 |
_aSher-e- Bangla Agricultural University: _bDepartment of Horticulture, _c2021. |
||
| 300 |
_aix, 80p.: _b30 cm. |
||
| 500 | _aMS thesis of Department of Horticulture , Faculty of Agriculture, Sher-e-Bangla Agricultural University, Dhaka, Bangladesh | ||
| 590 | _aNamul | ||
| 650 | _aClybio concentration | ||
| 651 | _acabbage under different colored shade nets | ||
| 700 |
_aProf. Dr. AFM Jamal Uddin _eSuperviser |
||
| 700 |
_aProf. Dr Mohammad Humayun _eCo-Superviser |
||
| 856 | _uhttp://archive.saulibrary.edu.bd:8080/xmlui/handle/123456789/5054 | ||
| 942 |
_2ddc _cTHESIS |
||
| 999 |
_c17172 _d17171 |
||